| 000 | 00609nam a2200229Ia 4500 | ||
|---|---|---|---|
| 005 | 20250425162738.0 | ||
| 008 | 250425s9999 xx 000 0 und d | ||
| 020 | _a0875846734 | ||
| 041 | _aeng | ||
| 082 | _a658.406 | ||
| 100 | _aCHAMPY, JAMES | ||
| 245 | 0 | _aFAST FORWARD THE BEST IDEAS ON MANAGING BUSINESS CHANGE | |
| 250 | _aS.E. | ||
| 260 |
_aEstados Unidos _bHARVARD BUSINESS REVIEW BOOK _c1996 |
||
| 260 | _aNEW YORK | ||
| 300 | _a278 | ||
| 650 | _aADMINISTRACION | ||
| 650 | _aCOMPORTAMIENTO ORGANIZACIONAL | ||
| 710 | _aHARVARD BUSINESS REVIEW BOOK | ||
| 942 | _c01 | ||
| 010 | _a104559 | ||
| 999 |
_c235579 _d235579 |
||